Statistiken für Pyramidenrätsel 2

Klicken Sie hier um das Quiz zu spielen!

Allgemein

  • Dieses Quiz wurde 207 mal gespielt
  • Das Durchschnittsergebnis liegt bei 16 aus 21

Antwortstatistiken

Antwort% Korrekt
LO
98%
O
98%
M
97%
TRAUM
93%
LOSE
90%
U
90%
SOHLE
89%
TURM
87%
AMATEUR
84%
NUR
83%
LEO
77%
MUT
77%
UM
77%
UR
77%
MATURA
68%
RUNE
68%
HOTELS
56%
LESOTHO
55%
TURNER
45%
RETURNS
37%
UNTER
28%

Verteilung der Resultate

Perzentil nach korrekt beantworteten Fragen

Anzahl Personen mit jedem Resultat

Ihre Resultats-Entwicklung

Sie haben dieses Quiz noch nicht gespielt